Changing the world: Persuasive speeches, petitions, and editorials (Record no. 25827)

MARC details
000 -LEADER
fixed length control field 00743nam a22002057a 4500
003 - CONTROL NUMBER IDENTIFIER
control field OSt
005 - DATE AND TIME OF LATEST TRANSACTION
control field 20260701154145.0
008 - FIXED-LENGTH DATA ELEMENTS--GENERAL INFORMATION
fixed length control field 260701b |||||||| |||| 00| 0 eng d
020 ## - INTERNATIONAL STANDARD BOOK NUMBER
International Standard Book Number 9780325047348
040 ## - CATALOGING SOURCE
Transcribing agency Chuka University Library
050 ## - LIBRARY OF CONGRESS CALL NUMBER
Classification number LB 1576 .C3 2013
100 ## - MAIN ENTRY--PERSONAL NAME
Personal name Calkins Lucy
9 (RLIN) 27666
245 ## - TITLE STATEMENT
Title Changing the world: Persuasive speeches, petitions, and editorials
260 ## - PUBLICATION, DISTRIBUTION, ETC.
Place of publication, distribution, etc. Portsmouth
Name of publisher, distributor, etc. Heinemann
Date of publication, distribution, etc. 2013
300 ## - PHYSICAL DESCRIPTION
Extent ix, 190 pp
Other physical details Illustrations preface and index
650 ## - SUBJECT ADDED ENTRY--TOPICAL TERM
Topical term or geographic name entry element English language---Composition and exercises--study and teaching(elementary)
9 (RLIN) 32450
650 ## - SUBJECT ADDED ENTRY--TOPICAL TERM
Topical term or geographic name entry element Persuasion(rhetorical)---study and teaching (elementary)
9 (RLIN) 32451
650 ## - SUBJECT ADDED ENTRY--TOPICAL TERM
Topical term or geographic name entry element Speeches, addresses---Authorship
9 (RLIN) 32452
942 ## - ADDED ENTRY ELEMENTS (KOHA)
Source of classification or shelving scheme Library of Congress Classification
Koha item type Long Loan Books
Suppress in OPAC No
Holdings
Withdrawn status Lost status Source of classification or shelving scheme Damaged status Not for loan Collection Home library Current library Shelving location Date acquired Source of acquisition Cost, normal purchase price Total Checkouts Full call number Barcode Date last seen Copy number Price effective from Koha item type
    Library of Congress Classification     General Collection Books Main Campus Library Main Campus Library General Stacks 01/07/2026 Donation from books for Africa 770.11   LB 1576 .C3 2013 36793/2026 01/07/2026 C.1 01/07/2026 Long Loan Books
    Library of Congress Classification     General Collection Books Main Campus Library Main Campus Library General Stacks 01/07/2026 Donation from books for Africa 770.11   LB 1576 .C3 2013 36792/2026 01/07/2026 C.2 01/07/2026 Long Loan Books
    Library of Congress Classification     General Collection Books Main Campus Library Main Campus Library General Stacks 01/07/2026 Donation from books for Africa 770.11   LB 1576 .C3 2013 36791/2026 01/07/2026 C.3 01/07/2026 Long Loan Books
    Library of Congress Classification     General Collection Books Main Campus Library Main Campus Library General Stacks 01/07/2026 Donation from books for Africa 770.11   LB 1576 .C3 2013 36790/2026 01/07/2026 C.4 01/07/2026 Long Loan Books
    Library of Congress Classification     General Collection Books Main Campus Library Main Campus Library General Stacks 01/07/2026 Donation from books for Africa 770.11   LB 1576 .C3 2013 36789/2026 01/07/2026 C.5 01/07/2026 Long Loan Books
    Library of Congress Classification     General Collection Books Main Campus Library Main Campus Library General Stacks 01/07/2026 Donation from books for Africa 770.11   LB 1576 .C3 2013 36788/2026 01/07/2026 C.6 01/07/2026 Long Loan Books
    Library of Congress Classification     General Collection Books Main Campus Library Main Campus Library General Stacks 01/07/2026 Donation from books for Africa 770.11   LB 1576 .C3 2013 36787/2026 01/07/2026 C.7 01/07/2026 Long Loan Books
    Library of Congress Classification     General Collection Books Main Campus Library Main Campus Library General Stacks 01/07/2026 Donation from books for Africa 770.11   LB 1576 .C3 2013 36786/2026 01/07/2026 C.8 01/07/2026 Long Loan Books
    Library of Congress Classification     General Collection Books Main Campus Library Main Campus Library General Stacks 01/07/2026 Donation from books for Africa 770.11   LB 1576 .C3 2013 36785/2026 01/07/2026 C.9 01/07/2026 Long Loan Books
    Library of Congress Classification     General Collection Books Main Campus Library Main Campus Library General Stacks 01/07/2026 Donation from books for Africa 770.11   LB 1576 .C3 2013 36784/2026 01/07/2026 C.10 01/07/2026 Long Loan Books

Powered by Koha